000 00742nam a2200253Ia 4500
003 OSt
005 20220930203322.0
006 a|||||r|||| 00| 0
007 ta
008 220926b |||||||| |||| 00| 0 pan d
024 _a72415
037 _cDissertations
040 _aCRL
_cCRL
_bpan
041 _2pan
_apan
100 _aVinayneet Kaur
_9527922
110 _aUniversity of Delhi. Faculty of Arts. Department of Punjabi
_9519628
245 0 _aJoginder Amar di kavita da alochnatmak adhyayan
260 _c1992
300 _a126p.
_ccm.
650 _aPUNJABI LITERATURE
700 _aUniversity of Delhi. Faculty of Arts. Department of Punjabi
_9519631
942 _cDIS
_2CC
999 _c904438
_d904438